000 00726nam a2200193Ii 4500
003 JO-AjNU
008 230605s9999||||xx |||||||||||||| ||und||
040 _aJO-AjNU
_bara
_erda
_cJO-AjNU
041 _aara
050 1 4 _aPJ7578.M37 1999
100 3 _aفخر الدين،فخر الدين,
_eauthor
_923590
245 0 0 _aأخبار وطرائف عن الملوك والخلفاء والمغنين والشعراء والعشاق
264 3 1 _aبيروت:دار الحرف العربي،1999
300 _a253ص
336 _atext
_btxt
_2rdacontent
337 _aunmediated
_bn
_2rdamedia
338 _avolume
_bnc
_2rdacarrier
650 4 _aالأهاجي والفكاهات العربية - الأدب العربي
_923591
999 _aA8556
_c12124
_d12124